The economics of middle eastern oil

Uloženo v:
Podrobná bibliografie
Hlavní autor: Charles Issawi
Médium: Kniha
Jazyk:Undetermined
Vydáno: New York Frederick A. Praeger 1962
Tagy: Přidat tag
Žádné tagy, Buďte první, kdo otaguje tento záznam!
Thư viện lưu trữ: Trung tâm Học liệu Trường Đại học Cần Thơ
LEADER 00350nam a2200121Ia 4500
001 CTU_85842
008 210402s9999 xx 000 0 und d
100 |a Charles Issawi 
245 4 |a The economics of middle eastern oil 
260 |a New York 
260 |b Frederick A. Praeger 
260 |c 1962 
980 |a Trung tâm Học liệu Trường Đại học Cần Thơ